|
|
|
|
| LEADER |
00000nam0a2200000 4500 |
| 001 |
335090 |
| 005 |
20231102004723.0 |
| 035 |
|
|
|a (RuTPU)RU\TPU\book\361417
|
| 035 |
|
|
|a RU\TPU\book\361416
|
| 090 |
|
|
|a 335090
|
| 100 |
|
|
|a 20170913d1964 m a0rusy5003 ca
|
| 101 |
0 |
|
|a rus
|
| 102 |
|
|
|a RU
|
| 105 |
|
|
|a a z 001zy
|
| 200 |
1 |
|
|a Рассказы о Русском музее, а также о старом Михайловском дворце и его строителе Росси, о превращении дворца в музей, о судьбах полотен и статуй, и другие истории из биографии знаменитой коллекции
|f Ю. Л. Алянский
|
| 210 |
|
|
|a Ленинград
|c Искусство
|d 1964
|a Москва
|
| 215 |
|
|
|a 275 с.
|c ил.
|
| 330 |
|
|
|a Книга состоит из популярно написанных очерков, посвященных отдельным произведения живописи, скульптуры, графики и прикладного искусства, хранящимся в собрании Государственного Русского музея.
|
| 601 |
0 |
2 |
|a Государственный Русский музей (Ленинград)
|e (Ленинград)
|
| 606 |
1 |
|
|a Изобразительное искусство
|2 stltpush
|3 (RuTPU)RU\TPU\subj\12291
|9 39102
|
| 610 |
1 |
|
|a Русский музей
|
| 610 |
1 |
|
|a русское изобразительное искусство
|
| 610 |
1 |
|
|a советское изобразительное искусство
|
| 610 |
1 |
|
|a музеи художественные
|
| 610 |
1 |
|
|a музейные собрания
|
| 610 |
1 |
|
|a Ленинград
|
| 675 |
|
|
|a 7(069)
|z rus
|
| 700 |
|
1 |
|a Алянский
|b Ю. Л.
|g Юрий Лазаревич
|4 070
|
| 801 |
|
0 |
|a RU
|b 63413507
|c 19950417
|g psbo
|
| 801 |
|
1 |
|a RU
|b 63413507
|c 20140407
|
| 801 |
|
2 |
|a RU
|b 63413507
|c 20230217
|g RCR
|
| 942 |
|
|
|c BK
|